Los anarquistas y el movimiento obrero: la alborada de La Idea en Chile, 1893-1915
Salvato in:
| Autore principale: | |
|---|---|
| Natura: | Libro |
| Lingua: | spagnolo |
| Pubblicazione: |
Santiago, Chile
LOM
2007
|
| Serie: | Colección Historia
|
| Soggetti: | |
| Tags: |
Aggiungi Tag
Nessun Tag, puoi essere il primo ad aggiungerne!!
|
MARC
| LEADER | 00000cam a2200000 a 4500 | ||
|---|---|---|---|
| 001 | UCI6707 | ||
| 003 | CL-VaPUC | ||
| 005 | 20240402114137.0 | ||
| 008 | 080523e20070000CL |||||||||||||||||spa|d | ||
| 999 | |c 330157 |d 330155 | ||
| 020 | |a 9789562828949 | ||
| 040 | |c Pontificia Universidad Católica de Valparaíso | ||
| 082 | 0 | 4 | |a 320.983 GRE 2007 |2 21 |
| 100 | |a Grez Toso, Sergio Santiago |e autor |9 597802 | ||
| 245 | 1 | 4 | |a Los anarquistas y el movimiento obrero: |b la alborada de La Idea en Chile, 1893-1915 |
| 260 | |a Santiago, Chile |b LOM |c 2007 | ||
| 300 | |a 435 páginas | ||
| 490 | 0 | |a Colección Historia | |
| 583 | |a last modification |c 20120307 10:04:47 |k Rodrigo Vera | ||
| 650 | 0 | |a Anarquismo |z CHILE |9 269177 | |
| 650 | 0 | |a Historia política |z CHILE |9 256974 | |
| 650 | 0 | |a Movimiento obrero |z CHILE |9 322899 | |
| 650 | 0 | |a Historia de Chile |9 265473 | |
| 852 | |a BIBCUR | ||
| 942 | |c BK |2 ddc | ||
| 945 | |d 20080523 00:00:00 |a cmena | ||
| 952 | |0 0 |1 0 |2 ddc |4 0 |6 320_983000000000000_GRE_2007 |7 0 |8 A |9 415545 |a BIBHIS |b BIBHIS |d 2019-11-22 |i 4437349 |l 15 |m 3 |o 320.983 GRE 2007 |p 4437349 |r 2025-01-20 |s 2024-11-25 |t 2 |w 2019-11-22 |y BK |k HIS | ||
| 952 | |0 0 |1 0 |2 ddc |4 0 |6 320_983000000000000_GRE_2007 |7 0 |8 X |9 415546 |a FDOBUD |b FDOBUD |d 2019-11-22 |i 4577884 |o 320.983 GRE 2007 |p 4577884 |r 2019-11-22 |t 3 |w 2019-11-22 |y BK_X |k BUD | ||
| 952 | |0 0 |1 0 |2 ddc |4 0 |6 320_983000000000000_GRE_2007 |7 0 |8 A |9 415547 |a BIBDER |b BIBDER |d 2019-11-22 |i 4844386 |o 320.983 GRE 2007 |p 4844386 |r 2023-01-25 |t 1 |w 2019-11-22 |y BK |k DER | ||